000 00805cpcaa2200253 4500
001 mm 79001325
003 DLC
005 20260227111635.0
008 790503|||||||||||| eng
010 _amm 79001325
040 _aDLC
_cDLC
_edacs
_dDLC
072 7 _aL
_2lcmd
100 1 _aEdwards, Jonathan,
_d1703-1758.
245 0 0 _aJonathan Edwards letter,
_f1750.
300 _a1
_fitem.
506 0 _aOpen to research.
545 0 _aClergyman and educator.
546 _aCollection material in English.
580 _aForms part of: Miscellaneous Manuscripts collection.
656 7 _aClergy.
_2itoamc
656 7 _aEducators.
_2itoamc
999 _c40703
_d40703